|
|
|
|
| LEADER |
00000nab a2200000 a 4500 |
| 001 |
vtls011828909 |
| 003 |
SK-MaSNL |
| 005 |
20260303083947.0 |
| 008 |
181210c2015 xo qr0p 000 a slo |
| 015 |
|
|
|a SNBRB2015/04
|
| 038 |
|
|
|a BAULUV
|
| 040 |
|
|
|a BAULUV
|b slo
|c BAULUV
|e rda
|
| 041 |
|
|
|a slo
|b eng
|
| 044 |
|
|
|a xo
|c SK
|
| 072 |
|
7 |
|a 7.01/.09
|x Umenie
|2 konspekt
|
| 072 |
|
7 |
|a 74
|x Kresba. Umelecké remeslá
|2 konspekt
|
| 072 |
|
7 |
|a 391
|x Odev, móda, ozdoby
|2 konspekt
|
| 080 |
|
|
|a (088.7)
|2 2011
|
| 080 |
|
|
|a -035.2
|2 2011
|
| 080 |
|
|
|a 645
|2 2011
|
| 080 |
|
|
|a 391.7
|2 2011
|
| 100 |
1 |
|
|a Stoličná, Ema
|4 aut
|9 551051
|
| 245 |
1 |
0 |
|a Jeden kúsok prírody so sebou, prosím
|c Ema Stoličná
|
| 300 |
|
|
|b Fotografie
|
| 336 |
|
|
|a text
|b txt
|2 rdacontent
|
| 337 |
|
|
|a bez média
|b n
|2 rdamedia
|
| 338 |
|
|
|a zväzok
|b nc
|2 rdacarrier
|
| 600 |
1 |
7 |
|a Bosch, Anneke
|2 BAULUVPH
|9 1091237
|
| 650 |
0 |
7 |
|a FynBosch (obchodná značka)
|2 BAULUVPH
|9 1091238
|
| 650 |
0 |
7 |
|a prírodné materiály
|2 SNKPH
|9 3662
|
| 650 |
0 |
7 |
|a bytové doplnky
|2 SNKPH
|9 3745
|
| 650 |
0 |
7 |
|a šperky
|2 SNKPH
|9 29009
|
| 650 |
0 |
7 |
|a FynBosch (trademark)
|2 BAULUVPHeng
|9 1091239
|
| 650 |
0 |
7 |
|a natural materials
|2 SNKPHeng
|9 350012
|
| 650 |
0 |
7 |
|a Furnishings
|2 SNKPHeng
|9 1091240
|
| 650 |
0 |
7 |
|a jewelry
|2 SNKPHeng
|9 400510
|
| 655 |
|
7 |
|a články z novín a časopisov
|2 SNKPH
|9 267496
|
| 773 |
0 |
|
|t Remeslo, umenie, dizajn
|p RUD
|g Roč. 19, č. 3 (2018), s. 50-51
|x 1335-5457
|
| 852 |
|
|
|a BAULUV
|b KIS3GCP
|
| 856 |
|
2 |
|u http://www.uluv.sk/sk/web/casopis-rud/archiv/rok-2018/rud-032018/jeden-kusok-prirody-so-sebou-prosim/
|
| 958 |
|
|
|a SK
|
| 958 |
|
|
|a RBX
|
| 999 |
|
|
|c 1793607
|d 1795537
|